| 000 | 00729nam a22002297a 4500 | ||
|---|---|---|---|
| 005 | 20170124110220.0 | ||
| 010 | _aB-060985 | ||
| 020 |
_c250.00 _a9788174763464 |
||
| 035 | _aB-060985 | ||
| 037 | _bCen Lib/Ret | ||
| 040 |
_aDPL _bEN |
||
| 082 |
_a378.155 _bMAH |
||
| 100 |
_aMaheshwari, Anil _919346 |
||
| 245 |
_aAligarh Muslim University : _cby Anil Maheshwari _bperfect past and precarious present / |
||
| 260 |
_aNew Delhi _bUBS Publishers _c2001 |
||
| 270 |
_a5 Ansari Road _bNew Delhi _e110002 |
||
| 300 |
_aviii,351p. _c21cm(pbk) |
||
| 500 | _aIncludes index | ||
| 650 |
_aAligarh Muslim University -- History _939647 |
||
| 650 |
_aMuslims--Education _939648 |
||
| 942 |
_2ddc _cEN _h378.155 _mMAH |
||
| 999 |
_c134052 _d134052 |
||